000
00149nam a22000857a 4500
082
_a
526.9SHA
100
_a
Shahane
245
_a
Surveying
942
_c
BK
999
_c
16809
_d
16809